00565nam a2200193 a 4500001001300000003000900013005001700022008004100039020001000080082001700090100002400107245008000131260004200211300000900253500003500262505001000297650004000307700002400347nice12345678IN_TiNIC20260116013513.0050524s1981 dela grp 000 0 eng  ac10000a291.172bBHA aBharati, Agehananda aHindu Views and Ways and the Hindu-Muslim Interface, an Anthropological Ass aDelhibMunshiram Manoharlal Pubc1981 a107p aincludes index and biblioraphy2 aIndex aComparative-Religion Hinduism Islam1 aBharati, Agehananda